Obras completas

Uloženo v:
Podrobná bibliografie
Hlavní autor: Blasco Ibáñez, Vicente (Autor)
Médium: Kniha
Jazyk:španělština
Vydáno: Madrid Aguilar 1964
Vydání:5a. ed
Témata:
Tagy: Přidat tag
Žádné tagy, Buďte první, kdo vytvoří štítek k tomuto záznamu!

MARC

LEADER 00000cam a2200000 a 4500
001 UCE4264
003 CL-VaPUC
008 141016e19640000sp |||||||||||||||||spa|d
082 0 4 |a 863  |b BLA  |2 21 
100 0 |a Blasco Ibáñez, Vicente  |e author  |9 362636 
245 1 0 |a Obras completas 
250 |a 5a. ed 
300 |a t 
942 |c BK 
945 |d 20141016 12:02:00  |a arojas 
260 |a Madrid  |b Aguilar  |c 1964 
650 0 |a Novelas españolas  |9 265052 
650 0 |a Literatura española  |9 306261 
583 |a last modification  |c 20141016 12:02:00  |k Rodrigo Vera 
999 |c 357288  |d 357286 
952 |0 0  |1 0  |3 erd  |4 0  |6 863_000000000000000_BLA_1964  |7 0  |8 A  |9 465168  |a BIBEDU  |b BIBEDU  |h t.1  |i 5041856  |o 863 BLA 1964  |p 5041856  |r 2019-11-23  |w 2019-11-23  |y BK  |z Catalogado en:20141016  |k LIT 
952 |0 0  |1 0  |3 erd  |4 0  |6 863_000000000000000_BLA_1964  |7 0  |8 A  |9 465169  |a BIBEDU  |b BIBEDU  |h t.2  |i 5041864  |o 863 BLA 1964  |p 5041864  |r 2019-11-23  |w 2019-11-23  |y BK  |z Catalogado en:20141016  |k LIT 
952 |0 0  |1 0  |3 erd  |4 0  |6 863_000000000000000_BLA_1964  |7 0  |8 A  |9 465170  |a BIBEDU  |b BIBEDU  |h t.3  |i 5041872  |o 863 BLA 1964  |p 5041872  |r 2019-11-23  |w 2019-11-23  |y BK  |z Catalogado en:20141016  |k LIT